| 000 | 00399nas a22001333u 4500 | ||
|---|---|---|---|
| 022 | _a1020-458X | ||
| 040 | _cWaSeSS | ||
| 082 | _a382 S.N 2011 A016 Or. | ||
| 245 | 1 | 0 | _aForest Products = Forest Products |
| 260 |
_a[S.l.] : _b[s.n.] |
||
| 500 | _aTitle from content provider. | ||
| 856 | 4 | 0 | _uhttp://MY2VS8LV9P.search.serialssolutions.com/?V=1.0&L=MY2VS8LV9P&S=JCs&C=JC_022514882&T=marc |
| 942 | _cEK | ||
| 999 |
_c11878 _d11878 |
||